Servicio al cliente interno todos somos clientes y todos tenemos clientes /

Bibliographic Details
Main Author: Martn̕ez Bermd︢ez, Rigoberto
Format: eBook
Language:Spanish
Published: Bogot:̀ Ediciones de la U, 2016
Subjects:
Online Access:Acceso restringido

MARC

LEADER 00000nam a22000007a 4500
005 20181221111239.0
007 cr|||| ||||
008 181221s2016 co |||||s|||| 00||0 spa d
020 |a 978-958-762-537-0 
035 |a 22560 
040 |a vLex 
090 |c 8354  |d 8354 
100 1 |a Martn̕ez Bermd︢ez, Rigoberto 
245 1 0 |a Servicio al cliente interno  |h [Recurso electrn̤ico] :  |b todos somos clientes y todos tenemos clientes /  |c Rigoberto Martn̕ez Bermd︢ez 
256 |a Servicio en ln̕ea 
260 |a Bogot:̀  |b Ediciones de la U,  |c 2016 
300 |a 1 recurso electrn̤ico 
506 1 |a Disponible solo en los productos indicados  |d vLex Global  |d vLex Global (Academic Edition, excluding Law Schools)  |d vLex Global (U.S. Academic Edition, Law Schools)  |d vLex Global (U.S. Academic Edition, excluding Law Schools)  |d vLex Global (Academic Edition, Law Schools) 
650 0 4 |a Economa̕ y negocios  |z Colombia 
740 0 |a vLex Libros (Servicio en ln̕ea) 
856 4 0 |u http://vlex.com/source/servicio-cliente-interno-todos-somos-clientes-todos-tenemos-clientes-22560  |z Acceso restringido 
942 |c BOOK 
999 0 |a Economy and business